Govt. of
Madhya Pradesh

PINNACLE 90 days self- preparation module SSC मैथ्स 6800+TCS-MCQ हिन्दी माध्यम 6th edition (Record no. 67113)

MARC details
000 -LEADER
fixed length control field 00480nam a22001577a 4500
003 - CONTROL NUMBER IDENTIFIER
control field Macl
005 - DATE AND TIME OF LATEST TRANSACTION
control field 20241019130005.0
008 - FIXED-LENGTH DATA ELEMENTS--GENERAL INFORMATION
fixed length control field 241019b |||||||| |||| 00| 0 eng d
040 ## - CATALOGING SOURCE
Transcribing agency Macl
082 ## - DEWEY DECIMAL CLASSIFICATION NUMBER
Classification number 510
100 ## - MAIN ENTRY--PERSONAL NAME
Personal name Dhaka,Baljit
245 ## - TITLE STATEMENT
Title PINNACLE 90 days self- preparation module SSC मैथ्स 6800+TCS-MCQ हिन्दी माध्यम 6th edition
260 ## - PUBLICATION, DISTRIBUTION, ETC. (IMPRINT)
Name of publisher, distributor, etc. PINNECLE publications
Date of publication, distribution, etc. 2024
650 ## - SUBJECT ADDED ENTRY--TOPICAL TERM
Topical term or geographic name as entry element मैथ्स
9 (RLIN) 31627
942 ## - ADDED ENTRY ELEMENTS (KOHA)
Source of classification or shelving scheme
Koha item type Competitive Books
Holdings
Withdrawn status Lost status Source of classification or shelving scheme Damaged status Not for loan Home library Current library Date acquired Cost, normal purchase price Total Checkouts Full call number Barcode Date last seen Date last checked out Price effective from Koha item type
          MACL MACL 19/10/2024 760.00 6 510 DPI002445 06/11/2025 08/10/2025 19/10/2024 Competitive Books